|
|
|
|
| LEADER |
00000nam0a2200000 4500 |
| 001 |
20599 |
| 005 |
20231101205351.0 |
| 010 |
|
|
|a 521101491X
|
| 035 |
|
|
|a (RuTPU)RU\TPU\book\20785
|
| 035 |
|
|
|a BOOK00005474
|
| 090 |
|
|
|a 20599
|
| 100 |
|
|
|a 20011209d1991 km y0rusy50 ca
|
| 101 |
0 |
|
|a rus
|
| 102 |
|
|
|a RU
|
| 105 |
|
|
|a y z 000zy
|
| 200 |
1 |
|
|a Психологические механизмы волевой регуляции
|f В. А. Иванников
|
| 210 |
|
|
|a Москва
|c Изд-во МГУ
|d 1991
|
| 215 |
|
|
|a 142 с.
|
| 606 |
1 |
|
|a Воля
|x Психология
|2 stltpush
|3 (RuTPU)RU\TPU\subj\3687
|9 32065
|
| 610 |
1 |
|
|a психологические свойства
|
| 610 |
1 |
|
|a волевые процессы
|
| 610 |
1 |
|
|a история
|
| 686 |
|
|
|a Ю935.2
|v LBC/SL-A
|2 rubbk
|
| 700 |
|
1 |
|a Иванников
|b В. А.
|g Вячеслав Андреевич
|
| 801 |
|
0 |
|a RU
|b 63413507
|c 20011209
|g PSBO
|
| 801 |
|
2 |
|a RU
|b 63413507
|c 20201211
|g PSBO
|
| 942 |
|
|
|c BK
|